000 00433nam a2200145 a 4500
001 000038571
005 20240826124700.0
008 130415s2007 dr a 000 0 spa d
040 _aDO-SdBNP
_bspa
_cBNPHU
100 _aPeña Geraldino, Rafael
_91257
245 1 0 _aMatemática basica superior /
_cRafael Peña Geraldino.
250 _a5a. ed.
260 _aSanto Domingo :
_bEditora Robiou,
_c2007.
300 _a400 p. :
_bil. ;
_c27 cm.
999 _c38061
_d38061